Eastern Utah Libraries Catalog: Duchesne, Heber, Roosevelt, & Vernal

Ice age. (Record no. 42680)

MARC details
000 -LEADER
fixed length control field 05085cgm a2200757Ia 4500
003 - CONTROL NUMBER IDENTIFIER
control field OCoLC
005 - DATE AND TIME OF LATEST TRANSACTION
control field 20241220115804.0
007 - PHYSICAL DESCRIPTION FIXED FIELD--GENERAL INFORMATION
fixed length control field vd cvaizq
008 - FIXED-LENGTH DATA ELEMENTS--GENERAL INFORMATION
fixed length control field 060712s2006 cau091 g vaeng d
001 - CONTROL NUMBER
control field ocm70288200
024 1# - OTHER STANDARD IDENTIFIER
Standard number or code 024543377719
024 1# - OTHER STANDARD IDENTIFIER
Standard number or code 024543377757
028 41 - PUBLISHER NUMBER
Publisher number 2237771
Source 20th Century Fox Home Entertainment
028 41 - PUBLISHER NUMBER
Publisher number 2237775
Source 20th Century Fox Home Entertainment
035 ## - SYSTEM CONTROL NUMBER
System control number (Sirsi) o70288200
035 ## - SYSTEM CONTROL NUMBER
System control number (OCoLC)70288200
037 ## - SOURCE OF ACQUISITION
Source of stock number/acquisition Midwest Tape
Note http://www.midwesttapes.com
040 ## - CATALOGING SOURCE
Original cataloging agency TEFMT
Transcribing agency TEFMT
Modifying agency TEF
-- RCS
-- MNL
-- UINTA
041 1# - LANGUAGE CODE
Language code of text/sound track or separate title eng
-- fre
-- spa
Language code of summary or abstract/overprinted title or subtitle eng
-- spa
Language code of original and/or intermediate translations of text eng
049 ## - LOCAL HOLDINGS (OCLC)
Holding library UCLB
050 14 - LIBRARY OF CONGRESS CALL NUMBER
Classification number PN1995.9.A5
Item number I24 2006
082 04 - DEWEY DECIMAL CLASSIFICATION NUMBER
Classification number 791.43/72
Edition number 22
092 ## - LOCALLY ASSIGNED DEWEY CALL NUMBER (OCLC)
Classification number 791.437
245 00 - TITLE STATEMENT
Title Ice age.
Name of part/section of a work The meltdown
Medium [videorecording] /
Statement of responsibility, etc 20th Century Fox Animation ; 20th Century Fox ; Blue Sky Studios ; produced by Lori Forte ; story by Peter Gaulke, Gerry Swallow ; screenplay by Peter Gaulke, Jim Hecht, Gerry Swallow ; directed by Carlos Saldanha.
246 30 - VARYING FORM OF TITLE
Title proper/short title Meltdown
246 3# - VARYING FORM OF TITLE
Title proper/short title Ice age 2
246 3# - VARYING FORM OF TITLE
Title proper/short title Ice age two
250 ## - EDITION STATEMENT
Edition statement Widescreen ed.
260 ## - PUBLICATION, DISTRIBUTION, ETC. (IMPRINT)
Place of publication, distribution, etc Beverly Hills, Calif. :
Name of publisher, distributor, etc 20th Century Fox Home Entertainment,
Date of publication, distribution, etc c2006.
300 ## - PHYSICAL DESCRIPTION
Extent 1 videodisc (91 min.) :
Other physical details sd., col. ;
Dimensions 4 3/4 in.
538 ## - SYSTEM DETAILS NOTE
System details note DVD; region 1; NTSC; widescreen (1.85:1) presentation.
546 ## - LANGUAGE NOTE
Language note Closed-captioned; dialogue in English (Dolby Digital 5.1 surround), French (Dolby Surround) or Spanish (Dolby Surround) with optional subtitles in English or Spanish.
511 0# - PARTICIPANT OR PERFORMER NOTE
Participant or performer note Ray Romano, Denis Leary, John Leguizamo, Queen Latifah, Seann William Scott, Josh Peck, Will Arnett, Jay Leno, Chris Wedge.
508 ## - CREATION/PRODUCTION CREDITS NOTE
Creation/production credits note Art director, Thomas Cardone ; music, John Powell.
521 8# - TARGET AUDIENCE NOTE
Target audience note MPAA rating: PG; for mild language, innuendos.
520 ## - SUMMARY, ETC.
Summary, etc While Scrat the Saber-toothed Squirrel is still trying to find his precious acorn, the misfit trio of Manny the Mammoth, Sid the Sloth and Diego the Sabre-tooth Tiger have settled down in an isolated valley with numerous other animals. However, the trio soon discover that the ice wall surrounding the valley is barely holding back a massive body of water behind it and the melting state threatens to break the wall and flood the valley. With their one chance of survival being a boat at the other end of the valley, the trio make a desperate exodus there. Along the way, they meet Ellie, a female mammoth who is convinced that she is an opossum like her brothers. While the strange group continues their trek across the valley, they must learn to get along. Manny struggles to find some connection to Ellie, who may be the only other one of his kind.
500 ## - GENERAL NOTE
General note Special features: "No time for nuts": an all new Scrat short; All new Crash & Eddie stunts - 3 short shorts; Crash and Eddie blooper; Commentaries by director Carlos Saldanha, producer Lori Forte and the production team; The animation director's chair including storyboard, animation, finals fro "Play dead," "Fish story," "Nuts," "Family," "Face off," and "Drain"; Intro into new characters: "Meet Ellie" and "Meet Crash and Eddie"; Lost historical films on the Ice Age period: The Sloth "Nature's lovable lisper," The wooly mammoth "Nature's beast of burden," The saber-tooth squirrel "Nature's nutty buddy," The saber-tooth tiger "Nature's fearsome feline," The vulture "Nature's cleaners," The possum "Nature's spunky spectacles"; Sloth dancing to Sid's sing-a-long; Set top games include "Factoid meltdown", "Scrat's piranha smackdown," "Sid soccer game," "Personality match game" and Vivendi Universal game memory challenge; Silly Sid & John Leguizamo: a featurette; Marketing of 'Ice Age': Scrat on 'Family guy' footage, Sid hosting 'Domination Line up'; Inside look on "Simpsons, the movie"; Cross promo trailers; DVD-ROM content contains link to website games.
506 ## - RESTRICTIONS ON ACCESS NOTE
Terms governing access For private home use only.
650 #0 - SUBJECT ADDED ENTRY--TOPICAL TERM
Topical term or geographic name as entry element Glacial epoch
Form subdivision Drama.
9 (RLIN) 5767206
650 #0 - SUBJECT ADDED ENTRY--TOPICAL TERM
Topical term or geographic name as entry element Squirrels
Form subdivision Drama.
9 (RLIN) 6457815
650 #0 - SUBJECT ADDED ENTRY--TOPICAL TERM
Topical term or geographic name as entry element Woolly mammoth
Form subdivision Drama.
9 (RLIN) 6401553
650 #0 - SUBJECT ADDED ENTRY--TOPICAL TERM
Topical term or geographic name as entry element Friendship
Form subdivision Drama.
9 (RLIN) 5682261
650 #7 - SUBJECT ADDED ENTRY--TOPICAL TERM
Topical term or geographic name as entry element Épocas glaciales
Form subdivision Teatro.
Source of heading or term bidex
9 (RLIN) 6506405
650 #7 - SUBJECT ADDED ENTRY--TOPICAL TERM
Topical term or geographic name as entry element Amistad
Form subdivision Teatro.
Source of heading or term bidex
9 (RLIN) 5675519
655 #0 - INDEX TERM--GENRE/FORM
Genre/form data or focus term Feature films.
9 (RLIN) 6165539
655 #0 - INDEX TERM--GENRE/FORM
Genre/form data or focus term Animated films.
9 (RLIN) 6165540
655 #7 - INDEX TERM--GENRE/FORM
Genre/form data or focus term Children's films.
Source of term local
9 (RLIN) 6165541
655 #0 - INDEX TERM--GENRE/FORM
Genre/form data or focus term Action and adventure films.
9 (RLIN) 5674017
655 #0 - INDEX TERM--GENRE/FORM
Genre/form data or focus term Comedy films.
9 (RLIN) 6165542
655 #7 - INDEX TERM--GENRE/FORM
Genre/form data or focus term Children's
Form subdivision Animation
-- Feature.
Source of term local
9 (RLIN) 5693066
655 #7 - INDEX TERM--GENRE/FORM
Genre/form data or focus term Adventure
Form subdivision Animation
-- Feature.
Source of term local
9 (RLIN) 5693067
655 #7 - INDEX TERM--GENRE/FORM
Genre/form data or focus term Comedy
Form subdivision Animation
-- Feature.
Source of term local
9 (RLIN) 5693065
655 #7 - INDEX TERM--GENRE/FORM
Genre/form data or focus term Videodiscs.
Source of term local
9 (RLIN) 5674338
655 #7 - INDEX TERM--GENRE/FORM
Genre/form data or focus term DVD-Video discs.
Source of term local
9 (RLIN) 5673658
700 1# - ADDED ENTRY--PERSONAL NAME
Personal name Romano, Ray.
9 (RLIN) 47594
700 1# - ADDED ENTRY--PERSONAL NAME
Personal name Saldanha, Carlos.
9 (RLIN) 75567
700 1# - ADDED ENTRY--PERSONAL NAME
Personal name Leary, Denis.
9 (RLIN) 37745
700 1# - ADDED ENTRY--PERSONAL NAME
Personal name Leguizamo, John.
9 (RLIN) 6165543
700 0# - ADDED ENTRY--PERSONAL NAME
Personal name Latifah,
Titles and other words associated with a name Queen.
9 (RLIN) 37461
700 1# - ADDED ENTRY--PERSONAL NAME
Personal name Scott, Seann William.
9 (RLIN) 70159
700 1# - ADDED ENTRY--PERSONAL NAME
Personal name Powell, John.
9 (RLIN) 30360
710 2# - ADDED ENTRY--CORPORATE NAME
Corporate name or jurisdiction name as entry element Twentieth Century Fox Home Entertainment, Inc.
9 (RLIN) 61951
942 ## - ADDED ENTRY ELEMENTS (KOHA)
Koha item type DVD
994 ## -
-- C0
-- UINTA
998 ## - LOCAL CONTROL INFORMATION (RLIN)
-- a96230
Holdings
Withdrawn status Lost status Source of classification or shelving scheme Damaged status Not for loan Collection code Home library Current library Shelving location Date acquired Source of acquisition Total Checkouts Full call number Barcode Date last seen Cost, replacement price Price effective from Koha item type
    Dewey Decimal Classification     Children Movies Wasatch County Library Wasatch County Library Main Floor Childrens Area 12/11/2025 Amazon   E Movie Ice Age Meltdown 34301002175166 12/20/2025 9.74 12/11/2025 DVD
This project was made possible through a grant from the Institute of Museum and Library Service administered by the Utah State Library Division.

Wasatch County Library

  • 465 East 1200 South, Heber City, Utah 84032
  • Phone 435-654-1511 | Fax 435-654-6456

Hours

  • Monday - Friday 9:30 AM - 8:00 PM
  • Saturday 9:30 AM - 1:30 PM
  • Closed Sundays and Holidays